Nadčas, sviatok a nočná práca
Organizácia práce je dôležitá pre samotný chod práce. Zamestnávateľ by sa mal dohodnúť so zamestnancami alebo zástupcami zamestnancov na samotnej organizácii, či už práce nadčas, nočnej práce alebo práce počas sviatku, rovnako aj na spôsobe odmeňovania, ktorý predstavuje mzdové zvýhodnenie alebo náh...
Gespeichert in:
| 1. Verfasser: | |
|---|---|
| Format: | Buchkapitel |
| Sprache: | Slowakisch |
| Schlagworte: | |
| Tags: |
Keine Tags, Fügen Sie das erste Tag hinzu!
|
MARC
| LEADER | 00000naa a2200000 4500 | ||
|---|---|---|---|
| 001 | 0236817 | ||
| 005 | 20220805074259.9 | ||
| 041 | 0 | |a slo | |
| 044 | |a SK | ||
| 245 | 1 | 0 | |a Nadčas, sviatok a nočná práca |c Petra Vršanská |
| 520 | |a Organizácia práce je dôležitá pre samotný chod práce. Zamestnávateľ by sa mal dohodnúť so zamestnancami alebo zástupcami zamestnancov na samotnej organizácii, či už práce nadčas, nočnej práce alebo práce počas sviatku, rovnako aj na spôsobe odmeňovania, ktorý predstavuje mzdové zvýhodnenie alebo náhradné voľno. | ||
| 610 | 2 | 0 | |a čas pracovný |
| 610 | 2 | 0 | |a organizácia práce |
| 610 | 2 | 0 | |a práca nadčasová |
| 610 | 2 | 0 | |a práca nočná |
| 610 | 2 | 0 | |a práca vo sviatok |
| 610 | 2 | 0 | |a zvýhodnenie mzdové |
| 610 | 2 | 0 | |a voľno pracovné |
| 100 | 1 | |a Vršanská, Petra | |